Logos for Aussies Quiz Stats

 Plays Quiz not verified by Sporcle

Score 0/31 Timer 06:00
0 Plays Today
% Correct
BP
94%
Firefox
94%
Monster
80%
Puma
80%
Pringles
78%
Red Cross
68.1%
Nestle
68%
Dreamworks
68%
Woolworths
64%
Mercedes
64%
Vodafone
62%
Holden
62%
Ford
62%
Hot Wheels
60%
HP
54%
NAB
48.9%
% Correct
Chupa Chups
48%
Unicef
48%
Goodyear
48%
Arnott's
46.8%
Quiksilver
44%
Rip Curl
44%
SBS
42.6%
Australia post
40.4%
Australian Made
40%
Pantene
38%
Scouts
38%
Maggi
36%
Cottees
28%
Weet bix
20%
Northern Territory
19.1%

You're not logged in!

Compare scores with friends on all Sporcle quizzes.
OR
Log In

Sporcle TV

Today on Sporcle TV


Watch our educational content, quiz creation guides, and fun videos on Sporcle TV.

Show Comments

Extras

Created Aug 26, 2017ReportNominate
Tags:Logo Quiz, Corporate Logos

Top Quizzes Today


Score Distribution

Your Account Isn't Verified!

In order to create a playlist on Sporcle, you need to verify the email address you used during registration. Go to your Sporcle Settings to finish the process.

Report this User

Report this user for behavior that violates our Community Guidelines.

Details: